Dresseurs et Poke Ball - Statistiques

Statistiques générales
  • Ce quiz a été pris 46 fois
    3 depuis la dernière actualisation
  • Le résultat moyen est 46 sur 147
Statistiques - réponses
Poké Ball Dresseur % Correct
Master Ball Arthur USUL
100%
Barbara
100%
Cynthia
100%
Donna
100%
Elsa-Mina
100%
Ghetis USUL
100%
Giovanni USUL
100%
Hélio USUL
100%
Max USUL
100%
Nikolaï
100%
Pectorius
100%
Percy
100%
Tarak
100%
Topdresseur
100%
Albia
50%
Alistair
50%
Althéo
50%
Alyxia
50%
Apia
50%
Apocyne
50%
Chrono Ball Brome
50%
Cendrie
50%
Cendro
50%
Chaz
50%
Chrys
50%
Corvault
50%
Cyano
50%
Dahn
50%
Delphie
50%
Dhilan
50%
Éleveur EB
50%
Copain Ball Éleveur SL USUL
50%
Erio
50%
Faïza
50%
Luxe Ball Gentleman
50%
Guzma
50%
Gypso
50%
Jean-Fleuret
50%
Jean-Targe
50%
Kabu
50%
Kahili
50%
Kiawe
50%
Lona
50%
Lysandre USUL
50%
Margie
50%
Rapide Ball Meloco
50%
Mondaine
50%
Mustar
50%
Scuba Ball Nageur
50%
Nageuse
50%
Naire
50%
Narica
50%
Nèflie
50%
Filet Ball Néphie
50%
Masse Ball Nérine
50%
Nivis
50%
Oléa SL USUL
50%
Olim IA
50%
Ortiga
50%
Paulie
50%
Appât Ball Pêcheur SL USUL
50%
Peterson
50%
Pivonia
50%
Rosemary
50%
Roy
50%
Rubépin
50%
Rudy
50%
Sally
50%
Saubohne
50%
Shehroz
50%
Solane
50%
Taragon
50%
Taro
50%
Topdresseuse
50%
Mémoire Ball Topdresseuse Gaëlle BDSP
50%
Travis
50%
Turum IA
50%
Violine
50%
Adamantin
0%
Artiste EB
0%
Camille
0%
Canon EB
0%
Cathy SL USUL
0%
Challenger
0%
Cheminot EB
0%
Honor Ball Collectionneur
0%
Super Ball Cuisinier
0%
Danseuse EB
0%
Danseuse SL USUL
0%
Dexio
0%
Hyper Ball Directrice
0%
Docteur EB
0%
Docteure EB
0%
Dresseur d'Arène Kickenham
0%
Dresseur d'Arène Ludester
0%
Dresseur d'Arène Old Chister B
0%
Dresseur d'Arène Old Chister E
0%
Dresseur d'Arène Smashings
0%
Dresseur Prometteur
0%
Dresseuse d'Arène Corrifey
0%
Dresseuse d'Arène Kikckenham
0%
Dresseuse d'Arène Ludester
0%
Dresseuse d'Arène Old Chister B
0%
Dresseuse d'Arène Old Chister E
0%
Dresseuse d'Arène Skifford
0%
Élian
0%
Employé de la Fondation Æther
0%
Employée de la Fondation Æther
0%
Facteur
0%
Garett
0%
Golfeur
0%
Golfeuse
0%
Soin Ball Infirmière Pokémon
0%
Inno
0%
Iwao GAME FREAK
0%
Jeune Sportive
0%
Karatéka SL USUL
0%
Aucune Poké Ball Kata-Sensei
0%
Lilie
0%
Marcia
0%
Molène
0%
Morimoto GAME FREAK
0%
Muramasa le Visage du Monstre
0%
Musicien EB
0%
Musquat
0%
Nacchara
0%
Pêcheuse EB
0%
Petit Sportif
0%
Pieris
0%
Policier SL USUL
0%
Pompier
0%
Ultra Ball Rhody
0%
Ryza
0%
Sabi
0%
Sbire de la Team Rainbow Rocket
0%
Faiblo Ball Sbire de la Team Skull
0%
Sbire de la Team Yell
0%
Scientifique
0%
Sina
0%
Solie
0%
Surfeur
0%
Timmy
0%
Top Model EB
0%
Sombre Ball Vaurien
0%
Vaurienne
0%
Vénérable
0%
Aucun quiz correspondant
Distribution des résultats
% des personnes avec chaque résultat
Percentile par nombre de réponses
Votre historique - résultats
Vous n’avez pas pris ce quiz depuis la dernière actualisation